00654nam a2200193 a 450000100060000000300080000600500170001400800410003103500190007204000680009104100080015908200290016711000130019624501000020926000650030930000350037465000190040971000320042853736BD-RjUL20211209080019.0161024s1964 pk a| f0 a0eng  a(BD-RjUL)53858 aDLCbengcMnMULSdNICdDLCdOCoLCdNNC-LdMiU-LdOCoLCdBD-RjUL aeng 223a340.095491bCOL 19641 aPakistan12aA collection of the central acts and ordinances for the year 1961 /cPakistan. Ministry of Law. aKarachi :bManager of Publications, Govt. of Pakistan,c1964 aVarious p. : bill. ; c25 cm. 0aLawzPakistan.1 aPakistan.bMinistry of Law.